| 000 | 01307nam a2200301Ia 4500 | ||
|---|---|---|---|
| 001 | IA_The purpose of this work was to evaluate the weight loss in mango pulp samples (1 and 2 mm, 80 and 85 ° C), using a modification to the Refractance Window ™, as a dehydrator. 87 % weight loss results and a moisture content were obtained for the best treatment of 14.5 %. | ||
| 002 | EVALUACION DEL PROCESO DE SECADO MEDIANTE UNA MODI | ||
| 008 | 220117s xx 000 0 und d | ||
| 010 | _a187869 | ||
| 530 | _aDisponible en PDF | ||
| 583 | _a1 ej. Imp. ; 1 ej. CD | ||
| 650 |
_aDrying _9153704 |
||
| 650 |
_aDrying equipment _9160230 |
||
| 650 |
_aEquipamiento para secado _9160231 |
||
| 650 |
_aFunctional properties _9163505 |
||
| 650 | 0 |
_aMangoes _xNutritive value _9163506 |
|
| 650 |
_aMangoes _xWater stress _9163507 |
||
| 650 |
_aMangos _xDeshidratación _9163508 |
||
| 650 |
_aMangos _xValor nutritivo _9163509 |
||
| 650 |
_aPropiedades funcionales _9163510 |
||
| 650 |
_aSecado _9153707 |
||
| 650 |
_aTiempo de vida _9147445 |
||
| 700 |
_aAscencio Rivera, J. Rogelio, asesor _9163661 |
||
| 700 |
_aLópez Bautista, Vicente, dir. _9163511 |
||
| 700 |
_aSzymanski Duque, Rosa Guadalupe, asesor _9163684 |
||
| 942 | _cTESIS B382 2019 | ||
| 999 |
_c187869 _d187869 |
||